000 00315nam a22001337a 4500
008 170815b xxu||||| |||| 00| 0 eng d
020 _a0805308512
041 _aeng
080 _a51
100 _a36
101 _aMAT
245 _aA PROBLEMS AAROACH MATHEMATICS SCHOOL TEACHER
_cLOOTT.L
942 _2udc
_cBK
999 _c23529
_d23529